Evaluación y perspectivas de la política pública frente a la salud mental y en particular, de atención al consumo de sustenacias psicoactivas en Colombia / (Registro nro. 35876)

Detalles MARC
000 -CABECERA
Longitud fija campo de control 00742nam a2200193 4500
003 - • IDENTIFICADOR DELl NÚMERO DE CONTROL
Identificador del número de control CO-ViMGA
020 ## - • NÚMERO INTERNACIONAL NORMALIZADO PARA LIBROS
Número Internacional Normalizado para Libros (ISBN) 9789587341683
040 ## - FUENTE DE LA CATALOGACIÓN
Centro catalogador de origen CO-ViMGA
Lengua de catalogación spa
Centro transcriptor CO-ViMGA
082 04 - • NÚMERO DE LA CLASIFICACIÓN DECIMAL DEWEY
Número de clasificación (R) 644
Número del ítem E91e
245 10 - • TITULO PROPIAMENTE DICHO
Título Evaluación y perspectivas de la política pública frente a la salud mental y en particular, de atención al consumo de sustenacias psicoactivas en Colombia /
300 ## - • DESCRIPCIÓN FÍSICA
Extensión 148 p.
Otras características físicas tablas.
500 ## - • NOTA GENERAL
Nota general Incluye índice
504 ## - • NOTA DE BIBLIOGRAFÍA, ETC
Nota de bibliografía, etc. Incluye bibliografía
650 14 - • PUNTO DE ACCESO ADICIONAL DE MATERIA - TÉRMINO DE MATERIA
Término de materia o nombre geográfico como elemento inicial Jurisprudencia
Subdivisión de materia general Sustancias Psiocativas
Subdivisión geográfica Colombia
650 14 - • PUNTO DE ACCESO ADICIONAL DE MATERIA - TÉRMINO DE MATERIA
Término de materia o nombre geográfico como elemento inicial Jurispudencia
Subdivisión de materia general Salud
Subdivisión geográfica Colombia
710 ## - • PUNTO DE ACCESO ADICIONAL - NOMBRE DE ENTIDAD
Nombre de entidad o nombre de jurisdicción como elemento inicial Procuraduria General de la Nación Colombia
942 ## - ENTRADA DE ELEMENTOS AGREGADOS (KOHA)
Koha [por defecto] tipo de item LIbro
Fuente de clasificaión o esquema Dewey Decimal Classification
Existencias
Perdido Estado Físico No para préstamo Forma de adquisición Localización permanente Localización actual Fecha adquisición Coste, precio normal de compra Préstamos totales Signatura completa Código de barras Fecha última consulta Número de copia Fecha del precio de reemplazo Tipo de item de Koha
      Sala Especializada Tercer Piso Biblioteca Pública Germán Arciniegas - Villavicencio Biblioteca Pública Germán Arciniegas - Villavicencio 09/01/2016 16451.00   644 E91e 30396 09/01/2016 Ej. 1 09/01/2016 LIbro









Instituto Departamental de Cultura del Meta - Red Departamental de Bibliotecas Públicas del Meta.